Statistics for Modern Family characters

Click here to take the quiz!

General Stats

  • This quiz has been taken 80 times
    (72 since last reset)
  • The average score is 16 of 20

Answer Stats

HintAnswer% Correct
DunphyClaire
100%
Delgado-PritchettGloria
98%
PritchettJay
98%
DelgadoManny
98%
DunphyPhil
98%
TuckerCameron
97%
DunphyAlex
95%
Tucker-PritchettLily
95%
DunphyLuke
95%
PritchettMitchell
95%
PritchettJoe
86%
PritchettDede
76%
DelgadoJavier
76%
MarshallDylan
71%
ThorpeGil
66%
TuckerPam
66%
DunphyFrank
55%
SaltzmanPepper
53%
BaileyAndy
47%
DunphyHayley
38%

Score Distribution

Percentile by Number Answered

Percent of People with Each Score

Your Score History

You have not taken this quiz since the last reset